000 00360nam a2200157Ia 4500
003 LK-CoDNM
008 010623t1979 xxu||||| |||| 00| 1 eng d
040 _aLK-CoDNM
_dLK-CoDNM
_eLK-CoDNM
041 _aeng
080 _a659.3
100 _aCrable,Richard E
245 _aUsing Communication
260 _b
_c1979
300 _b325p.;23 cm cm
942 _cBK
999 _c110914
_d110914